000 00911nam a2200325 a 4500
001 2880745
003 OSt
005 20140310182722.0
008 880224s1986 nyu 000 0 eng
010 _a 86060807
020 _a0886872812 :
_c$14.95
020 _a0345339126 (Ballantine)
040 _aDLC
_cDLC
_dDLC
043 _an-us-ca
050 0 0 _aQL 737
_b.T559 1986
082 0 0 _aM 639.9795119
_bT44 1986
100 1 _aTiede, Tom.
245 1 4 _aThe great whale rescue :
_ban American folk epic
_cTiede, Tom ; Findleton, Jack
260 _aNew York :
_bPharos Books,
_cc1986.
300 _a151 p.
_c21 cm.
521 _aCollege Students
526 _c120L-1700L
541 _j1
562 _e1
650 0 _aHumphrey (Whale)
650 0 _aWildlife rescue
_zCalifornia.
700 1 _aFindleton, Jack.
906 _a7
_bcbc
_corignew
_d3
_eopcn
_f19
_gy-gencatlg
942 _2lcc
_cBK
_kM
999 _c15354
_d15354